| 000 | 00658nam a2200229Ia 4500 | ||
|---|---|---|---|
| 003 | GCL | ||
| 008 | 140319s9999 xx 000 0 ara d | ||
| 040 |
_aGCL / _cGCL |
||
| 082 | 0 | 4 |
_a792.9 _bم م |
| 100 | 1 | _aمارينكا بونى | |
| 245 | 1 | 0 |
_aمسرح الصور / _cمارينكا بونى |
| 700 | 1 | _aسميحة يحيى رمضان (مترجم) | |
| 260 |
_a[S.N] : _bوزارة الثقافة ، _c1994 |
||
| 300 | _a254 ص | ||
| 490 | _a | ||
| 650 | 0 | 4 | _aالمسرح |
| 650 | 0 | 4 | _aالمسرحيات |
| 650 | 0 | 4 | _aنقد |
| 650 | 0 | 4 | _aالمسرح التجريبى |
| 650 | 0 | 4 | _aالمسرحيات التجريبية |
| 942 |
_2ddc _cBK |
||
| 999 |
_c35252 _d35252 |
||